Normal view
MARC view
- Ballaney, P L.
Entry Personal Name
001 - CONTROL NUMBER
- control field: 628
003 - CONTROL NUMBER IDENTIFIER
- control field: OSt
005 - DATE AND TIME OF LATEST TRANSACTION
- control field: 20160627152133.0
008 - FIXED-LENGTH DATA ELEMENTS
- fixed length control field: 160627|| aca||aabn | a|a d
040 ## - CATALOGING SOURCE
- Original cataloging agency: OSt
- Transcribing agency: OSt
100 ## - HEADING--PERSONAL NAME
- Personal name: Ballaney, P L.
670 ## - SOURCE DATA FOUND
- Source citation: Work cat.: (OSt)11599: Ballaney, P L., Thermal Engineering (In S.I. Units) (Including Basic Thermodynamics) (Heat engines), 2012
